LEADER 01122nam a2200241 i 4500 001 000000232322 003 CaOOAMICUS 005 20140825000000.0 008 140825s1932 it u000 u lat u 013 $a211225 040 $aSeMil$bita 100 1 $aKortleitner, Franz Xaver <1863-1939>.$0(OLS)http://semarc/name/69288 245 10$aCananaeorum auctoritas num ad religionem Israelitarum aliquid pertinuerit /$cScripsit Franciscus Xav. Kortleitner. 260 $aOeniponte :$bTypis et sumptibus Fel. Rauch,$c1932. 300 $a90 p. ;$c23 cm. 490 0 $aCommentationes biblicae ;$v6. 650 4$aCananei.$0(OLS)http://semarc/subject/11142 650 4$aIsraele - Antichità.$0(OLS)http://semarc/subject/7507 830 0$aCommentationes biblicae ;$v6.$0(OLS)http://semarc/title/39783 850 $aSeMil 852 $aSeMil$W1$xVenegono$y1$m2Z IV 61$j182668$B182668$CSeMilBibl$Z2$F193687 $81 996 $6245$aCananaeorum auctoritas num ad religionem Israelitarum aliquid pertinuerit$9(OLS)http://semarc/title/331530 996 $6260$aOeniponte :$bTypis et sumptibus Fel. Rauch$9(OLS)http://semarc/publisher/38048 LEADER 01432nam a2200301 i 4500 001 000000179135 003 CaOOAMICUS 005 20090504000000.0 008 090504s2009 it u000 u ita u 013 $a156711 020 $a978-88-514-0650-9 040 $aSeMil$bita 100 1 $aMartini, Carlo Maria,$c.$0(OLS)http://semarc/name/89159 245 10$aPrendete il largo! :$bEucaristia e dinamismo ecclesiale /$cCarlo Maria Martini ; con opere di Francesco Radaelli ; scelta e adattamento dei testi a cura di Giuseppe Bettoni. 260 $aMilano :$bÀncora,$c2009. 300 $a144 p. :$bill. ;$c21 cm. 490 0 $aTra arte e teologia 650 4$aEucaristia - Meditazioni.$0(OLS)http://semarc/subject/1553 650 4$aEucaristia.$0(OLS)http://semarc/subject/3487 700 1 $aRadaelli, Francesco.$0(OLS)http://semarc/name/47209 700 1 $aBettoni, Giuseppe,$c.$0(OLS)http://semarc/name/49935 830 0$aTra arte e teologia.$0(OLS)http://semarc/title/10624 850 $aSeMil 852 $aSeMil$W1$xVenegono$y1$m2F II 530$j129900$B129900$CSeMilBibl$Z2$F142151 $81 961 $aOmaggio: Caspani don Pierpaolo 996 $6020$a978-88-514-0650-9$9(OLS)http://semarc/number/168254 996 $6245$aPrendete il largo! :$bEucaristia e dinamismo ecclesiale$9(OLS)http://semarc/title/257241 996 $6260$aMilano :$bÀncora$9(OLS)http://semarc/publisher/29763